000 00612nam a22001937a 4500
005 20180417105459.0
010 _aENG-122595
020 _a9789386446893
_c495.00
035 _aEN-106127
037 _bDBAD/PUB
082 _a321.8
100 _aKotler, Philip
245 _aDemocracy in decline :
_cby Philip Kotler
_brebuilding its future /
260 _aNew Delhi
_bSage Publications
_c2017
270 _aB-1/I-1, Mohan Cooperative Industrial Area, Mathura Road,
_bNew Delhi
_e110044
300 _a210p.
_c22cm.(pbk)
_bill.
500 _aIt include index
942 _2ddc
_cEN
_mKOT
_h321.8
999 _c151278
_d151278